000 00464nam a2200181Ia 4500
001 11193
005 20260306161928.0
008 260306t2011||||xx |||||||||||||| ||spa||
041 _aESP
082 _a985.019
_bB96A
100 _aBusto, José Antonio del
_eAUT
245 0 _aLos hijos del sol:
_bTúpac Yupanqui descubridor de Oceanía
260 _c2011
300 _a194 páginas :
_c26 cm.
650 _aGEN
654 _aCHU
942 _cLIB
_dJUS
_fJUS
_2ddc
_n
999 _c11193
_d11193